000 00493pab a2200181 454500
008 180718b2014 xxu||||| |||| 00| 0 eng d
100 _aChen, Wan-Jiun
245 _aAnalysis of producers cooperatives and supply of organic rice in Taiwan
260 _c2014
300 _ap.7-38.
362 _aJul-Dec
650 _aRice - Taiwan
650 _aCoperatives - Taiwan
650 _aCooperatives
773 _aAfrican-Asian Journal of Rural Development
908 _aN
909 _a107002
999 _c106997
_d106997